000 01091nam a2200301 a 4500
001 BRL_1144
005 20190320211044.0
008 151113s1966----mx-a######---#000-0#spa-#
041 _aspa
044 _amx
050 4 _aF1219.3.R3
_b.L46 1966
100 1 _aLeón-Portilla, Miguel
_9504
245 1 0 _aLa filosofía nahuatl
_bestudiada en sus fuentes
_cMiguel León-Portilla ; prólogo de Ángel Ma. Garibay K.
250 _a3a ed.
260 _aMéxico
_bUNAM, Instituto de Investigaciones Históricas
_c1966
300 _axxiii, 411 p.
_bil.
_c24 cm.
440 0 _aCultura náhuatl. Monografías
_v10
_925924
500 _aAu1307
500 _aIncluye índice analítico, láminas e ilustraciones
500 _aIncluye dedicatoria a Ruth Lechuga
500 _aVer también número de sistema 1688 perteneciente al Fondo Ruth Lechuga
504 _aBibliografía: p. 397-404
650 1 4 _aNahuas
_xFilosofía
_925925
650 1 4 _aAztecas
_xFilosofía
_925926
700 1 _aGaribay K., Ángel María
_d1892-1967
_q(Garibay Kintana)
_epról.
_925927
902 _aGRL
942 _2lcc
_cB
999 _c9956
_d9956